| 000 | 00667nam a2200229Ia 4500 | ||
|---|---|---|---|
| 005 | 20260429112021.0 | ||
| 008 | 260429s9999||||xx |||||||||||||| ||und|| | ||
| 020 | _a9781032161518 | ||
| 041 | _aEnglish | ||
| 082 |
_a658.3 _bREI |
||
| 100 | _aReiche, B. Sebastian | ||
| 245 | 0 |
_aReadings and cases in international human resource management / _cB. Sebastian Reiche |
|
| 250 | _a7th ed. | ||
| 260 |
_aNew York : _bRoutledge, _c2024. |
||
| 300 | _axxii, 552 p.; pbk | ||
| 650 | _a International business | ||
| 650 | _aHuman resource management | ||
| 700 | _a Mendenhall, Mark E. | ||
| 700 | _a Oddou, Gary R. | ||
| 700 | _a Stahl, Günter K. | ||
| 942 | _cTB | ||
| 999 |
_c51909 _d51909 |
||